000 00734nam a2200253 i 4500
001 C2-0269374
003 PPAK
005 20180728000053.0
008 060808s2005 my a|||| ||||| | may d
020 _a9833278531
040 _aPPAK
_beng
_cPPAK
_erda
082 0 4 _a398.2
_223
090 0 0 _a398.2
_bCER
_dK
245 0 0 _aCerita nilai murni aesop sukaramai
264 1 _aBatu Caves, Selangor :
_bEarly Leaner Publications ,
_c2005
300 _a[16 pages] :
_bcolour illustrations ;
_c26 cm
336 _2rdacontent
_atext
337 _2rdamedia
_aunmediated
338 _2rdacarrier
_avolume
490 1 _aCerita nilai murni aesop
650 1 0 _aFolk literature, Malay
830 0 _aCerita nilai murni aesop
942 _ddc
_cB
999 _c78076
_d78076